000 00300nam a2200121Ia 4500
008 190216s9999||||xx |||||||||||||| ||und||
100 _aNazar Pa
245 0 _aKuttikalude Arogyaprasanangal
260 _bPoomkavanam Books Publishers
_c1990
300 _a98
650 _aIslamic History
942 _cBK
999 _c22323
_d22323